Language Quiz

Random Language or Letter Quiz

4-Letter Vocabulary (Hard) Quiz Stats

 Plays Quiz Updated Jun 23, 2017

Support Sporcle.
Go Orange.
Score 0/25 Timer 06:00
1 Play Today
% Correct
luge
89.8%
serf
88.1%
sans
86.1%
iota
84.7%
avid
83.3%
gist
82.4%
opus
81.3%
filo
81.2%
coup
80.5%
peat
79.8%
abut
77.7%
barb
74.7%
glib
74.1%
% Correct
loci
73.2%
scat
72.8%
roil
71.9%
plat
66.6%
kudu
64%
raga
63.7%
acme
62.9%
hale
60.8%
lilt
58.6%
rime
48.9%
elan
48.2%
sept
42.2%

You're not logged in!

Compare scores with friends on all Sporcle quizzes.
OR
Log In
Forgot?

From the Vault

Hidden Names

by kagomeshuko

Just keep staring, the answers will suddenly appear.
Remove Ads.
Support Sporcle.
Get the best of Sporcle when you Go Orange. This ad-free experience offers more features, more stats, and more fun while also helping to support Sporcle. Thank you for becoming a member.

Show Comments

Extras

Top Quizzes Today


Score Distribution

Your Account Isn't Verified!

In order to create a playlist on Sporcle, you need to verify the email address you used during registration. Go to your Sporcle Settings to finish the process.

Report this User

Report this user for behavior that violates our Community Guidelines.

Details: